00410nam a2200133 4500020001700000082001200017100002000029245007900049250000600128260002700134300000800161490004300169650006400212 a978813175687 a547 VOG a Vogel,Arthur.I aElementary Practical Organic Chemistry Qualitative Organic Analysis Part 2 a2 aNewyorkbPearsonc1996 a432 aElementary Practical Organic Chemistry aChemistryaOrganic ChemistryaQualitative Organic Analysis